000 00672nam a22001697a 4500
005 20250214104439.0
008 250214b |||||||| |||| 00| 0 eng d
082 _22023
_aUT
100 _aSombilon, Ren Sherlaine B.
_965276
245 _aDepartment of health covid-19 infographics safety reminder: A semiotic analysis /
_cRen Sherlaine B. Sombilon, Airah Marie M. Escalona, and Jonamie Seguros
260 _aDigos City :
_bUMDC,
_c©December 2023.
300 _aix, 77 pages :
_billustration (some colors) ;
_c30 cm.
521 _aIncludes references and appendices.
700 _aEscalona, Airah Marie M.
_965277
700 _aSeguros, Jonamie
_965278
942 _2ddc
_cUT
999 _c23449
_d23449